000 00504nam a2200145 u 4500
001 000020255
005 20200929170332.0
008 090702s1980 dr r 000 0 spa d
040 _aDO-SdBNP
_bspa
_cBNPHU
082 _axxxx
_bxxxx
110 1 _aRepública Dominicana.
_bBanco Central de la República Dominicana
_942873
245 1 0 _aMemoria anual, trigésimo segundo ejercicio 1979.
260 _aSanto Domingo :
_bBanco Central de la República Dominicana,
_c[1980].
300 _a112 p. :
_bil., ;
_c28 cm.
999 _c19759
_d19759